Countries that produce the most chese - Statistics

General Stats
  • This quiz has been taken 27 times
  • The average score is 12 of 15
Answer Stats
Production (Tons) Country % Correct
3. 1,886,044 France
100%
4. 1,253,842 Italy
96%
7. 664,000 Russia
96%
2. 5,584,857 Germany
92%
5. 771,941 Netherlands
92%
11. 410,000 UK
92%
1. 5,584,857 USA
92%
12. 407,260 Canada
88%
6. 744,044 Poland
84%
13. 369,100 Denmark
80%
15. 311,460 Australia
76%
9. 568,577 Czech Rep
72%
14. 325,000 New Zealand
60%
10. 558,907 Argentina
52%
8. 628,750 Egypt
44%
No matching quizzes found
Score Distribution
Percent of People with Each Score
Percentile by Number Answered
Your Score History
You have not taken this quiz